|
|
|
|
| LEADER |
00000nam0a2200000 4500 |
| 001 |
184722 |
| 005 |
20231101223851.0 |
| 010 |
|
|
|a 9785987045046
|
| 035 |
|
|
|a (RuTPU)RU\TPU\book\200332
|
| 090 |
|
|
|a 184722
|
| 100 |
|
|
|a 20100920d2010 m y0rusy50 ca
|
| 101 |
0 |
|
|a rus
|
| 102 |
|
|
|a RU
|
| 105 |
|
|
|a y z 001zy
|
| 200 |
1 |
|
|a Иллюзии свободы. Российские СМИ в эпоху перемен (1985-2009)
|f М. Ф. Ненашев
|
| 210 |
|
|
|a Москва
|c Логос
|d 2010
|
| 215 |
|
|
|a 320 с.
|
| 330 |
|
|
|a Видный государственный деятель, журналист, публицист, редактори ученый-историк, ныне профессор, заведующий кафедрой Московского государственного университета печати делится своими наблюдениями и размышлениями о роли средств массовой информации в годы перестройки, когда автор возглавлял министерства и ведомства СССР по делам печати, телевидения и радиовещания. Насыщенная фактами, анализом событий недавнего прошлого, затрагивающая самые разные стороны жизни общества книга проливает новый свет на переломную эпоху в нашей стране. Для деятелей средств массовой информации, историков, политологов и журналистов. Может использоваться в учебном процессе вузов при подготовке кадров по направлениям «Книжное дело», «Журналистика» и специальности «Связи с общественностью». Представляет интерес для широкого круга читателей.
|
| 606 |
1 |
|
|a Средства массовой информации
|2 stltpush
|3 (RuTPU)RU\TPU\subj\56098
|9 74028
|
| 610 |
1 |
|
|a печать
|
| 610 |
1 |
|
|a СМИ
|
| 610 |
1 |
|
|a Россия
|
| 610 |
1 |
|
|a перестройка
|
| 610 |
1 |
|
|a 20 век
|
| 610 |
1 |
|
|a 21 век
|
| 610 |
1 |
|
|a демократизация
|
| 610 |
1 |
|
|a либеральные реформы
|
| 610 |
1 |
|
|a журналистика
|
| 686 |
|
|
|a Ч6
|v LBC/SL-A
|2 rubbk
|
| 700 |
|
1 |
|a Ненашев
|b М. Ф.
|g Михаил Федорович
|
| 801 |
|
1 |
|a RU
|b 63413507
|c 20100920
|
| 801 |
|
2 |
|a RU
|b 63413507
|c 20110505
|g RCR
|
| 942 |
|
|
|c BK
|
| 959 |
|
|
|a 63/20100915
|d 1
|e 374,00
|f ЧЗГЛ:1
|